| 000 | 00594nam a22001937a 4500 | ||
|---|---|---|---|
| 005 | 20251108172637.0 | ||
| 008 | 250721s1998 xx 000 0 ara d | ||
| 082 | 1 | 4 | _a105/فلس |
| 111 | 2 | _aندوه الفلسفه : قضايا و أشكالات ؛ القاهره : (1998) . | |
| 245 | 1 | 0 | _aالفلسفه : قضايا و إشكالات . / |
| 264 | 1 |
_aالقاهره : _bبيت الحكمه، _c1998. |
|
| 300 | _a119 ص | ||
| 650 | 1 | 7 | _aالفلسفه |
| 650 | 1 | 7 | _aدراسات |
| 650 | 1 | 7 | _aمؤتمرات . |
| 710 | 2 | _aبيت الحكمه | |
| 942 |
_2ddc _cBK |
||
| 999 |
_c84821 _d84821 |
||